La capitale africaine par son code d'aéroport - Statistiques

Statistiques générales
  • Ce quiz a été pris 23 fois
  • Le résultat moyen est 20 sur 49
Statistiques - réponses
Code IATA Ville % Correct
ALG Alger
100%
BKO Bamako
86%
CKY Conakry
86%
TUN Tunis
86%
BZV Brazzaville
81%
OUA Ouagadougou
81%
ACC Accra
76%
CAI Le Caire
76%
ADD Addis-Abeba
71%
BJL Banjul
67%
KGL Kigali
67%
NBO Nairobi
67%
LBV Libreville
62%
RBA Rabat
62%
HRE Harare
57%
NKC Nouakchott
57%
DOD Dodoma
52%
KRT Khartoum
52%
ASM Asmara
48%
LLW Lilongwe
48%
NDJ Ndjamena
48%
NIM Niamey
48%
WDH Windhoek
48%
ABV Abuja
43%
MPM Maputo
43%
BGF Bangui
38%
COO Cotonou
33%
DSS Dakar
33%
JIB Djibouti
33%
GBE Gaborone
33%
MSU Maseru
33%
MGQ Mogadiscio
33%
PRY Pretoria
29%
JUB Juba
24%
LUN Lusaka
19%
FIH Kinshasa
14%
TNR Antananarivo
10%
FNA Freetown
10%
EBB Kampala
10%
LFW Lomé
10%
RAI Praia
10%
TMS Sao Tomé
10%
SEZ Victoria
10%
NSI Yaoundé
10%
NBJ Luanda
5%
ROB Monrovia
5%
OXB Bissau
0%
HAH Moroni
0%
MJI Tripoli
0%
Aucun quiz correspondant
Distribution des résultats
% des personnes avec chaque résultat
Percentile par nombre de réponses
Votre historique - résultats
Vous n’avez pas pris ce quiz